[Event "Benidorm Satellite preliminary"]
[Site "playchess.com #007036"]
[Date "2009.10.24"]
[Round "1"]
[White "Chanwxt"]
[Black "Misu2008"]
[Result "1-0"]
[WhiteElo "2857"]
[BlackElo "1816"]
[PlyCount "73"]
[EventDate "2009.10.24"]
[EventType "swiss (blitz)"]

1. e4 {[%emt 0:00:01]} d5 {[%emt 0:00:01]} 2. exd5 {[%emt 0:00:01]} Nf6 {[%emt
0:00:02]} 3. d4 {[%emt 0:00:02]} Nxd5 {[%emt 0:00:01]} 4. Nf3 {[%emt 0:00:01]}
Bf5 {[%emt 0:00:07]} 5. Be2 {[%emt 0:00:05]} e6 {[%emt 0:00:08]} 6. O-O {[%emt
0:00:02]} Be7 {[%emt 0:00:02]} 7. a3 {[%emt 0:00:02]} O-O {[%emt 0:00:02]} 8.
c4 {[%emt 0:00:01]} Nb6 {[%emt 0:00:01]} 9. Nc3 {[%emt 0:00:00]} c6 {[%emt 0:
00:02]} 10. Be3 {[%emt 0:00:07]} N8d7 {[%emt 0:00:02]} 11. a4 {[%emt 0:00:01]}
a5 {[%emt 0:00:05]} 12. Qb3 {[%emt 0:00:02]} Bb4 {[%emt 0:00:11]} 13. Na2 {
[%emt 0:00:03]} Be7 {[%emt 0:00:10]} 14. h3 {[%emt 0:00:32]} h6 {[%emt 0:00:02]
} 15. Rfd1 {[%emt 0:00:02]} Qc7 {[%emt 0:00:04]} 16. Rac1 {[%emt 0:00:05]} Rac8
{[%emt 0:00:09]} 17. d5 {[%emt 0:00:13]} Nc5 {[%emt 0:00:13]} 18. Bxc5 {[%emt
0:00:07]} Bxc5 {[%emt 0:00:02]} 19. d6 {[%emt 0:00:03]} Qd8 {[%emt 0:00:20]}
20. Bd3 {[%emt 0:00:39]} Bxd3 {[%emt 0:00:06]} 21. Rxd3 {[%emt 0:00:00]} f6 {
[%emt 0:00:13]} 22. Nc3 {[%emt 0:00:03]} Nd7 {[%emt 0:00:26]} 23. Qxb7 {[%emt
0:00:10]} Rb8 {[%emt 0:00:02]} 24. Qxc6 {[%emt 0:00:01]} Rxb2 {[%emt 0:00:01]}
25. Ne4 {[%emt 0:00:02]} Bb4 {[%emt 0:00:03]} 26. Nd4 {[%emt 0:00:11]} Re8 {
[%emt 0:00:03]} 27. Rg3 {[%emt 0:00:06]} Ne5 {[%emt 0:00:08]} 28. Qxe8+ {[%emt
0:00:10]} Qxe8 {[%emt 0:00:02]} 29. Nxf6+ {[%emt 0:00:01]} Kf7 {[%emt 0:00:03]}
30. Nxe8 {[%emt 0:00:02]} Kxe8 {[%emt 0:00:01]} 31. c5 {[%emt 0:00:02]} g5 {
[%emt 0:00:18]} 32. Re3 {[%emt 0:00:02]} Nd7 {[%emt 0:00:28]} 33. Rxe6+ {[%emt
0:00:02]} Kf8 {[%emt 0:00:07]} 34. c6 {[%emt 0:00:03]} Nc5 {[%emt 0:00:08]} 35.
c7 {[%emt 0:00:21] .} Nxe6 {[%emt 0:00:01]} 36. c8=Q+ {[%emt 0:00:01]} Kf7 {
[%emt 0:00:00]} 37. Qxe6+ {[%emt 0:00:00] Misu2008 resigns} 1-0

[Event "Benidorm Satellite preliminary"]
[Site "playchess.com #007036"]
[Date "2009.10.24"]
[Round "1"]
[White "Paradoks10"]
[Black "Fighterknight"]
[Result "0-1"]
[WhiteElo "1620"]
[BlackElo "2294"]
[PlyCount "72"]
[EventDate "2009.10.24"]
[EventType "swiss (blitz)"]

1. e4 {[%emt 0:00:02]} d5 {[%emt 0:00:03]} 2. exd5 {[%emt 0:00:02]} Nf6 {[%emt
0:00:02]} 3. Nf3 {[%emt 0:00:02]} Nxd5 {[%emt 0:00:01]} 4. d4 {[%emt 0:00:02]}
g6 {[%emt 0:00:01]} 5. c3 {[%emt 0:00:06]} Bg7 {[%emt 0:00:02]} 6. Bd3 {[%emt
0:00:02]} O-O {[%emt 0:00:01]} 7. h3 {[%emt 0:00:02]} e5 {[%emt 0:00:04]} 8.
dxe5 {[%emt 0:00:02]} Nc6 {[%emt 0:00:01]} 9. O-O {[%emt 0:00:05]} Nxe5 {[%emt
0:00:02]} 10. Nxe5 {[%emt 0:00:04]} Bxe5 {[%emt 0:00:00]} 11. Nd2 {[%emt 0:00:
04]} Nxc3 {[%emt 0:00:02]} 12. Qc2 {[%emt 0:00:17]} Nd5 {[%emt 0:00:06]} 13.
Nf3 {[%emt 0:00:02]} Nb4 {[%emt 0:00:03]} 14. Qe2 {[%emt 0:00:18]} Nxd3 {[%emt
0:00:07]} 15. Rd1 {[%emt 0:00:01]} Bf5 {[%emt 0:00:35]} 16. Nxe5 {[%emt 0:00:
05]} Qe7 {[%emt 0:00:08]} 17. f4 {[%emt 0:00:10]} f6 {[%emt 0:00:25]} 18. g4 {
[%emt 0:00:23]} Qc5+ {[%emt 0:00:22]} 19. Kg2 {[%emt 0:00:09]} fxe5 {[%emt 0:
00:35]} 20. gxf5 {[%emt 0:00:05]} Qxc1 {[%emt 0:00:16]} 21. Raxc1 {[%emt 0:00:
44]} Nxf4+ {[%emt 0:00:02]} 22. Kf2 {[%emt 0:00:01]} Nxe2 {[%emt 0:00:03]} 23.
Kxe2 {[%emt 0:00:00]} gxf5 {[%emt 0:00:07]} 24. Rg1+ {[%emt 0:00:04]} Kf7 {
[%emt 0:00:13]} 25. Rxc7+ {[%emt 0:00:01]} Ke6 {[%emt 0:00:01]} 26. Rxb7 {
[%emt 0:00:05]} f4 {[%emt 0:00:02]} 27. Rgg7 {[%emt 0:00:13]} f3+ {[%emt 0:00:
08]} 28. Kf2 {[%emt 0:00:02]} Rac8 {[%emt 0:00:04]} 29. Rge7+ {[%emt 0:00:04]}
Kd5 {[%emt 0:00:01]} 30. Rb5+ {[%emt 0:00:06]} Kd6 {[%emt 0:00:04]} 31. Rbxe5 {
[%emt 0:00:07]} Rc2+ {[%emt 0:00:03]} 32. Ke3 {[%emt 0:00:05]} Re2+ {[%emt 0:
00:02]} 33. Kd4 {[%emt 0:00:03]} Rf4+ {[%emt 0:00:03]} 34. Kd3 {[%emt 0:00:03]}
Rxe5 {[%emt 0:00:02]} 35. Rxh7 {[%emt 0:00:06]} f2 {[%emt 0:00:02]} 36. Rh6+ {
[%emt 0:00:01]} Kd5 {[%emt 0:00:01] Paradoks10 resigns} 0-1

[Event "Benidorm Satellite preliminary"]
[Site "playchess.com #007036"]
[Date "2009.10.24"]
[Round "1"]
[White "Casellina"]
[Black "CubaChessPraxis"]
[Result "1/2-1/2"]
[WhiteElo "1551"]
[BlackElo "2118"]
[PlyCount "84"]
[EventDate "2009.10.24"]
[EventType "swiss (blitz)"]

1. e4 {[%emt 0:00:03]} c5 {[%emt 0:00:02]} 2. Nf3 {[%emt 0:00:02]} e6 {[%emt 0:
00:01]} 3. c3 {[%emt 0:00:01]} Nc6 {[%emt 0:00:04]} 4. d4 {[%emt 0:00:01]} cxd4
{[%emt 0:00:01]} 5. cxd4 {[%emt 0:00:01]} Nf6 {[%emt 0:00:02]} 6. Nc3 {[%emt 0:
00:02]} Bb4 {[%emt 0:00:01]} 7. Bd3 {[%emt 0:00:04]} d5 {[%emt 0:00:02]} 8.
exd5 {[%emt 0:00:19]} Nxd5 {[%emt 0:00:02]} 9. Bd2 {[%emt 0:00:01]} h6 {[%emt
0:00:08]} 10. a3 {[%emt 0:00:01]} Bxc3 {[%emt 0:00:02]} 11. bxc3 {[%emt 0:00:
02]} Qf6 {[%emt 0:00:01]} 12. O-O {[%emt 0:00:05]} Nf4 {[%emt 0:00:03]} 13. Bc2
{[%emt 0:00:11]} O-O {[%emt 0:00:08]} 14. Re1 {[%emt 0:00:06]} b6 {[%emt 0:00:
06]} 15. Re4 {[%emt 0:00:20]} Ng6 {[%emt 0:00:06]} 16. Rg4 {[%emt 0:00:33]} e5
{[%emt 0:00:08]} 17. Rg3 {[%emt 0:00:05]} exd4 {[%emt 0:00:06]} 18. cxd4 {
[%emt 0:00:12]} Bf5 {[%emt 0:00:02]} 19. Bxf5 {[%emt 0:00:16]} Qxf5 {[%emt 0:
00:02]} 20. Qb3 {[%emt 0:00:14]} Rad8 {[%emt 0:00:07]} 21. Bxh6 {[%emt 0:00:25]
} Nxd4 {[%emt 0:00:25]} 22. Nxd4 {[%emt 0:00:09]} Rxd4 {[%emt 0:00:11]} 23. Be3
{[%emt 0:00:04]} Rd3 {[%emt 0:00:08]} 24. Qc4 {[%emt 0:00:10]} Rfd8 {[%emt 0:
00:05]} 25. h3 {[%emt 0:00:04]} Qf6 {[%emt 0:00:09]} 26. Re1 {[%emt 0:00:14]}
Ne5 {[%emt 0:00:15] '} 27. Qb4 {[%emt 0:00:05]} R3d5 {[%emt 0:00:21]} 28. Bg5 {
[%emt 0:00:01]} Qf5 {[%emt 0:00:10]} 29. Bxd8 {[%emt 0:00:02]} Rxd8 {[%emt 0:
00:06]} 30. Rge3 {[%emt 0:00:02]} f6 {[%emt 0:00:05]} 31. f4 {[%emt 0:00:03]}
Nd3 {[%emt 0:00:13]} 32. Re8+ {[%emt 0:00:01]} Kh7 {[%emt 0:00:04]} 33. Qd2 {
[%emt 0:00:03]} Qc5+ {[%emt 0:00:05]} 34. Kh2 {[%emt 0:00:03]} Nxe1 {[%emt 0:
00:11]} 35. Rxd8 {[%emt 0:00:01]} Nc2 {[%emt 0:00:09]} 36. Rd5 {[%emt 0:00:03]}
Qc7 {[%emt 0:00:03]} 37. Rh5+ {[%emt 0:00:02]} Kg6 {[%emt 0:00:02]} 38. Qe2 {
[%emt 0:00:02]} Qxf4+ {[%emt 0:00:02]} 39. Kh1 {[%emt 0:00:01]} Qc1+ {[%emt 0:
00:02]} 40. Kh2 {[%emt 0:00:01]} Qf4+ {[%emt 0:00:01]} 41. Kh1 {[%emt 0:00:01]}
Qc1+ {[%emt 0:00:04]} 42. Kh2 {[%emt 0:00:01]} Qf4+ {[%emt 0:00:01]} 1/2-1/2

[Event "Benidorm Satellite preliminary"]
[Site "playchess.com #007036"]
[Date "2009.10.24"]
[Round "1"]
[White "Aage"]
[Black "Jiriki"]
[Result "0-1"]
[WhiteElo "1701"]
[BlackElo "2498"]
[PlyCount "98"]
[EventDate "2009.10.24"]
[EventType "swiss (blitz)"]

1. d4 {[%emt 0:00:01]} e6 {[%emt 0:00:01]} 2. c4 {[%emt 0:00:04]} d5 {[%emt 0:
00:01]} 3. e3 {[%emt 0:00:05]} Nf6 {[%emt 0:00:02]} 4. Nf3 {[%emt 0:00:02]} Be7
{[%emt 0:00:04]} 5. Bd3 {[%emt 0:00:01]} dxc4 {[%emt 0:00:03]} 6. Bxc4 {[%emt
0:00:01]} a6 {[%emt 0:00:01]} 7. O-O {[%emt 0:00:01]} b5 {[%emt 0:00:01]} 8.
Be2 {[%emt 0:00:01]} Bb7 {[%emt 0:00:02]} 9. Ne5 {[%emt 0:00:02]} Nbd7 {[%emt
0:00:07]} 10. Bf3 {[%emt 0:00:08]} Nd5 {[%emt 0:00:14]} 11. Nxd7 {[%emt 0:00:
11]} Qxd7 {[%emt 0:00:05]} 12. Nc3 {[%emt 0:00:03]} O-O {[%emt 0:00:06]} 13.
Nxd5 {[%emt 0:00:06]} Bxd5 {[%emt 0:00:01]} 14. a3 {[%emt 0:00:16]} Rfd8 {
[%emt 0:00:25]} 15. b4 {[%emt 0:00:09]} a5 {[%emt 0:00:11]} 16. Bd2 {[%emt 0:
00:12]} axb4 {[%emt 0:00:11]} 17. Bxd5 {[%emt 0:00:10]} Qxd5 {[%emt 0:00:04]}
18. Bxb4 {[%emt 0:00:02]} Bxb4 {[%emt 0:00:14]} 19. axb4 {[%emt 0:00:00]} Qc4 {
[%emt 0:00:05]} 20. Rb1 {[%emt 0:00:09]} Ra4 {[%emt 0:00:05]} 21. Qb3 {[%emt 0:
00:03]} Qxb3 {[%emt 0:00:14]} 22. Rxb3 {[%emt 0:00:01]} Rda8 {[%emt 0:00:07]}
23. Rfb1 {[%emt 0:00:15]} g6 {[%emt 0:00:06]} 24. g4 {[%emt 0:00:10]} Kg7 {
[%emt 0:00:02]} 25. Kg2 {[%emt 0:00:01]} Kf6 {[%emt 0:00:03]} 26. h4 {[%emt 0:
00:07]} h6 {[%emt 0:00:01]} 27. Kf3 {[%emt 0:00:03]} R8a7 {[%emt 0:00:02]} 28.
Kf4 {[%emt 0:00:02]} Ra2 {[%emt 0:00:02]} 29. f3 {[%emt 0:00:02]} g5+ {[%emt 0:
00:06]} 30. hxg5+ {[%emt 0:00:03]} hxg5+ {[%emt 0:00:00]} 31. Ke4 {[%emt 0:00:
05]} Ke7 {[%emt 0:00:11]} 32. d5 {[%emt 0:00:07]} exd5+ {[%emt 0:00:07]} 33.
Kxd5 {[%emt 0:00:00]} Rc2 {[%emt 0:00:11]} 34. Ke4 {[%emt 0:00:08]} Ra6 {[%emt
0:00:03]} 35. Rd3 {[%emt 0:00:13]} Re6+ {[%emt 0:00:07]} 36. Kf5 {[%emt 0:00:
01]} Rf6+ {[%emt 0:00:01]} 37. Kxg5 {[%emt 0:00:01]} Rxf3 {[%emt 0:00:01]} 38.
Rbd1 {[%emt 0:00:08]} Rc4 {[%emt 0:00:03]} 39. Rd7+ {[%emt 0:00:12]} Kf8 {
[%emt 0:00:01]} 40. Rd8+ {[%emt 0:00:12]} Kg7 {[%emt 0:00:01]} 41. R1d7 {[%emt
0:00:12]} Rg3 {[%emt 0:00:11]} 42. Rd4 {[%emt 0:00:02]} Rxe3 {[%emt 0:00:04]}
43. Rxc4 {[%emt 0:00:08]} bxc4 {[%emt 0:00:00]} 44. Rd4 {[%emt 0:00:04]} Rc3 {
[%emt 0:00:07]} 45. Rd7 {[%emt 0:00:04]} Rb3 {[%emt 0:00:01]} 46. b5 {[%emt 0:
00:05]} Rxb5+ {[%emt 0:00:02]} 47. Kf4 {[%emt 0:00:01]} Rc5 {[%emt 0:00:01]}
48. Ke4 {[%emt 0:00:05]} c3 {[%emt 0:00:01]} 49. Kd3 {[%emt 0:00:01]} c2 {
[%emt 0:00:01] Aage resigns} 0-1

[Event "Benidorm Satellite preliminary"]
[Site "playchess.com #007036"]
[Date "2009.10.24"]
[Round "1"]
[White "Bystrc2010"]
[Black "Juraldo"]
[Result "0-1"]
[WhiteElo "1776"]
[BlackElo "2665"]
[PlyCount "90"]
[EventDate "2009.10.24"]
[EventType "swiss (blitz)"]

1. e4 {[%emt 0:00:02]} c5 {[%emt 0:00:01]} 2. Nf3 {[%emt 0:00:01]} Nc6 {[%emt
0:00:02]} 3. d4 {[%emt 0:00:01]} cxd4 {[%emt 0:00:01]} 4. Nxd4 {[%emt 0:00:01]}
e5 {[%emt 0:00:00]} 5. Nb5 {[%emt 0:00:02]} d6 {[%emt 0:00:01]} 6. c4 {[%emt 0:
00:01]} Be7 {[%emt 0:00:04]} 7. N1c3 {[%emt 0:00:01]} a6 {[%emt 0:00:01]} 8.
Na3 {[%emt 0:00:01]} f5 {[%emt 0:00:01]} 9. exf5 {[%emt 0:00:03]} Bxf5 {[%emt
0:00:00]} 10. Bd3 {[%emt 0:00:01]} Be6 {[%emt 0:00:01]} 11. Nc2 {[%emt 0:00:08]
} Nf6 {[%emt 0:00:03]} 12. O-O {[%emt 0:00:03]} O-O {[%emt 0:00:02]} 13. Ne3 {
[%emt 0:00:02]} Rc8 {[%emt 0:00:06]} 14. b3 {[%emt 0:00:11]} Nd4 {[%emt 0:00:
02]} 15. Ned5 {[%emt 0:00:03]} b5 {[%emt 0:00:19]} 16. Nxe7+ {[%emt 0:00:07]}
Qxe7 {[%emt 0:00:03]} 17. Bg5 {[%emt 0:00:26]} bxc4 {[%emt 0:00:09]} 18. bxc4 {
[%emt 0:00:01]} Bxc4 {[%emt 0:00:03]} 19. Bxc4+ {[%emt 0:00:11]} Rxc4 {[%emt 0:
00:00]} 20. Ne4 {[%emt 0:00:08]} Qe6 {[%emt 0:00:12]} 21. Nxf6+ {[%emt 0:00:12]
} gxf6 {[%emt 0:00:00]} 22. Be3 {[%emt 0:00:03]} Nf5 {[%emt 0:00:15]} 23. Rb1 {
[%emt 0:00:14]} d5 {[%emt 0:00:50]} 24. Bc1 {[%emt 0:00:26]} Kh8 {[%emt 0:00:
33]} 25. Rb7 {[%emt 0:00:18]} Rh4 {[%emt 0:00:04]} 26. g3 {[%emt 0:00:34]} Rg8
{[%emt 0:00:04]} 27. Kh1 {[%emt 0:00:19]} Qc6 {[%emt 0:00:10]} 28. Rb3 {[%emt
0:00:10]} d4+ {[%emt 0:00:03]} 29. Qf3 {[%emt 0:00:03]} Qxf3+ {[%emt 0:00:10] '
} 30. Rxf3 {[%emt 0:00:01]} Rh5 {[%emt 0:00:00]} 31. Rb3 {[%emt 0:00:02]} Nd6 {
[%emt 0:00:07]} 32. Rb6 {[%emt 0:00:01]} Ne4 {[%emt 0:00:01]} 33. Rxa6 {[%emt
0:00:02]} Kg7 {[%emt 0:00:06]} 34. Ra7+ {[%emt 0:00:01]} Kg6 {[%emt 0:00:01]}
35. Ba3 {[%emt 0:00:02]} Kf5 {[%emt 0:00:04]} 36. Bb2 {[%emt 0:00:03]} Nd2 {
[%emt 0:00:04]} 37. Rd1 {[%emt 0:00:02]} Nf3 {[%emt 0:00:01]} 38. h4 {[%emt 0:
00:02]} Nxh4 {[%emt 0:00:06]} 39. Kg1 {[%emt 0:00:07]} Nf3+ {[%emt 0:00:02]}
40. Kf1 {[%emt 0:00:02]} Rh1+ {[%emt 0:00:02]} 41. Ke2 {[%emt 0:00:00]} Rxd1 {
[%emt 0:00:00]} 42. Kxd1 {[%emt 0:00:01]} Ke4 {[%emt 0:00:00]} 43. Rxh7 {[%emt
0:00:02]} Rb8 {[%emt 0:00:02]} 44. Bc1 {[%emt 0:00:02]} Rb1 {[%emt 0:00:02]}
45. Rf7 {[%emt 0:00:03]} d3 {[%emt 0:00:02] Zeit} 0-1

[Event "Benidorm Satellite preliminary"]
[Site "playchess.com #007036"]
[Date "2009.10.24"]
[Round "1"]
[White "Chesstiger9"]
[Black "A Menon"]
[Result "1/2-1/2"]
[WhiteElo "2096"]
[BlackElo "1508"]
[PlyCount "83"]
[EventDate "2009.10.24"]
[EventType "swiss (blitz)"]

1. d4 {[%emt 0:00:01]} d5 {[%emt 0:00:04]} 2. Nf3 {[%emt 0:00:01]} Nf6 {[%emt
0:00:02]} 3. e3 {[%emt 0:00:01]} c5 {[%emt 0:00:07]} 4. Nbd2 {[%emt 0:00:01]}
cxd4 {[%emt 0:00:02]} 5. exd4 {[%emt 0:00:01]} Bg4 {[%emt 0:00:01]} 6. Be2 {
[%emt 0:00:01]} Nc6 {[%emt 0:00:02]} 7. c3 {[%emt 0:00:01]} e6 {[%emt 0:00:01]}
8. O-O {[%emt 0:00:01]} Bd6 {[%emt 0:00:01]} 9. h3 {[%emt 0:00:01]} Bxf3 {
[%emt 0:00:03]} 10. Nxf3 {[%emt 0:00:03]} O-O {[%emt 0:00:02]} 11. Re1 {[%emt
0:00:04]} e5 {[%emt 0:00:09]} 12. dxe5 {[%emt 0:00:02]} Nxe5 {[%emt 0:00:01]}
13. Nxe5 {[%emt 0:00:01]} Bxe5 {[%emt 0:00:00]} 14. Bf3 {[%emt 0:00:01]} Re8 {
[%emt 0:00:06]} 15. Bg5 {[%emt 0:00:02]} d4 {[%emt 0:00:18] Chesstiger9
reconnected.} 16. Bxf6 {[%emt 0:00:01] A Menon claims win on disconnect} Qxf6 {
[%emt 0:00:20]} 17. Bxb7 {[%emt 0:00:05]} Rab8 {[%emt 0:00:04]} 18. cxd4 {
[%emt 0:00:10]} Bxd4 {[%emt 0:00:12]} 19. Qf3 {[%emt 0:00:04]} Bxb2 {[%emt 0:
00:14]} 20. Rab1 {[%emt 0:00:05]} Qxf3 {[%emt 0:00:16]} 21. Bxf3 {[%emt 0:00:
04]} Bf6 {[%emt 0:00:06]} 22. Rxe8+ {[%emt 0:00:03]} Rxe8 {[%emt 0:00:02]} 23.
g3 {[%emt 0:00:01]} g6 {[%emt 0:00:06]} 24. Rb7 {[%emt 0:00:03]} Bd4 {[%emt 0:
00:05]} 25. Bd5 {[%emt 0:00:03]} Rf8 {[%emt 0:00:09]} 26. a4 {[%emt 0:00:01]}
Kh8 {[%emt 0:00:09]} 27. Rxf7 {[%emt 0:00:05]} Rxf7 {[%emt 0:00:02]} 28. Bxf7 {
[%emt 0:00:00]} Kg7 {[%emt 0:00:00]} 29. Bc4 {[%emt 0:00:02]} Kf6 {[%emt 0:00:
02]} 30. Kg2 {[%emt 0:00:01]} h6 {[%emt 0:00:02]} 31. f4 {[%emt 0:00:01]} g5 {
[%emt 0:00:02] A Menon claims win on disconnect A Menon offers a draw} 32. Kf3
{[%emt 0:00:02]} a5 {[%emt 0:00:05]} 33. Ke4 {[%emt 0:00:04]} Bf2 {[%emt 0:00:
12]} 34. g4 {[%emt 0:00:01]} Kg6 {[%emt 0:00:06]} 35. f5+ {[%emt 0:00:02]} Kf6
{[%emt 0:00:02]} 36. Kd5 {[%emt 0:00:01]} Be1 {[%emt 0:00:05]} 37. Kd6 {[%emt
0:00:01]} Bc3 {[%emt 0:00:02]} 38. Kd7 {[%emt 0:00:01]} Bb4 {[%emt 0:00:01]}
39. Ke8 {[%emt 0:00:01]} Ba3 {[%emt 0:00:02]} 40. Kd7 {[%emt 0:00:03]} Bb4 {
[%emt 0:00:01]} 41. Kc6 {[%emt 0:00:03]} Bc3 {[%emt 0:00:01] Chesstiger9
offers a draw} 42. Kd5 {[%emt 0:00:02]} 1/2-1/2

[Event "Benidorm Satellite preliminary"]
[Site "playchess.com #007036"]
[Date "2009.10.24"]
[Round "1"]
[White "Sff3"]
[Black "Maximums"]
[Result "0-1"]
[WhiteElo "1731"]
[BlackElo "2619"]
[PlyCount "90"]
[EventDate "2009.10.24"]
[EventType "swiss (blitz)"]

1. c4 {[%emt 0:00:03]} c6 {[%emt 0:00:01]} 2. Nc3 {[%emt 0:00:08]} d5 {[%emt 0:
00:03]} 3. d4 {[%emt 0:00:01]} Nf6 {[%emt 0:00:03]} 4. Nf3 {[%emt 0:00:01]} e6
{[%emt 0:00:02]} 5. Bf4 {[%emt 0:00:03]} dxc4 {[%emt 0:00:03]} 6. a4 {[%emt 0:
00:02]} Bb4 {[%emt 0:00:02]} 7. Nd2 {[%emt 0:00:05]} Qxd4 {[%emt 0:00:09]} 8.
e3 {[%emt 0:00:01]} Qc5 {[%emt 0:00:18]} 9. Bxc4 {[%emt 0:00:12]} O-O {[%emt 0:
00:15]} 10. O-O {[%emt 0:00:11]} Rd8 {[%emt 0:00:04]} 11. Qe2 {[%emt 0:00:13]}
Nbd7 {[%emt 0:00:15]} 12. Nb3 {[%emt 0:00:05]} Qe7 {[%emt 0:00:07]} 13. Na2 {
[%emt 0:00:18]} Bd6 {[%emt 0:00:08]} 14. Bg5 {[%emt 0:00:05]} h6 {[%emt 0:00:
12]} 15. Bh4 {[%emt 0:00:03]} Ne5 {[%emt 0:00:02]} 16. Rac1 {[%emt 0:00:10]}
Ng6 {[%emt 0:00:04]} 17. Bg3 {[%emt 0:00:06]} Bxg3 {[%emt 0:00:02]} 18. hxg3 {
[%emt 0:00:01]} a5 {[%emt 0:00:06]} 19. Rfd1 {[%emt 0:00:04]} Rxd1+ {[%emt 0:
00:10]} 20. Rxd1 {[%emt 0:00:02]} e5 {[%emt 0:00:06]} 21. Nc3 {[%emt 0:00:06]}
Be6 {[%emt 0:00:08]} 22. Bxe6 {[%emt 0:00:01]} Qxe6 {[%emt 0:00:02]} 23. Nc5 {
[%emt 0:00:00]} Qe7 {[%emt 0:00:03]} 24. Qc4 {[%emt 0:00:08]} h5 {[%emt 0:00:
26]} 25. b3 {[%emt 0:00:39]} Re8 {[%emt 0:00:05]} 26. N3e4 {[%emt 0:00:14]} Nd5
{[%emt 0:00:02]} 27. Nxb7 {[%emt 0:00:07]} Qxb7 {[%emt 0:00:08]} 28. Nd6 {
[%emt 0:00:01]} Qd7 {[%emt 0:00:03]} 29. Nxe8 {[%emt 0:00:01]} Qxe8 {[%emt 0:
00:01]} 30. Qc5 {[%emt 0:00:01]} Qa8 {[%emt 0:00:02]} 31. Rc1 {[%emt 0:00:03]}
Nb4 {[%emt 0:00:01]} 32. Rd1 {[%emt 0:00:03]} Qa6 {[%emt 0:00:18]} 33. Rd8+ {
[%emt 0:00:07]} Kh7 {[%emt 0:00:01]} 34. Qd6 {[%emt 0:00:09]} Qe2 {[%emt 0:00:
02]} 35. Qd7 {[%emt 0:00:10]} Qe1+ {[%emt 0:00:06]} 36. Kh2 {[%emt 0:00:00]}
Qxf2 {[%emt 0:00:01]} 37. Qe8 {[%emt 0:00:10]} h4 {[%emt 0:00:01]} 38. Qg8+ {
[%emt 0:00:03]} Kh6 {[%emt 0:00:01]} 39. gxh4 {[%emt 0:00:03]} Qxh4+ {[%emt 0:
00:02]} 40. Kg1 {[%emt 0:00:00]} Qe1+ {[%emt 0:00:03]} 41. Kh2 {[%emt 0:00:01]}
Qxe3 {[%emt 0:00:03]} 42. Qxf7 {[%emt 0:00:07]} Nd5 {[%emt 0:00:10]} 43. Rd6 {
[%emt 0:00:05]} Ndf4 {[%emt 0:00:02]} 44. Rxc6 {[%emt 0:00:06]} Qf2 {[%emt 0:
00:03]} 45. Qf5 {[%emt 0:00:02]} Qxg2# {[%emt 0:00:02]} 0-1

[Event "Benidorm Satellite preliminary"]
[Site "playchess.com #007036"]
[Date "2009.10.24"]
[Round "1"]
[White "Pfleger"]
[Black "Mateusz-Morfeusz"]
[Result "0-1"]
[WhiteElo "1693"]
[BlackElo "2479"]
[PlyCount "112"]
[EventDate "2009.10.24"]
[EventType "swiss (blitz)"]

1. e4 {[%emt 0:00:01]} d6 {[%emt 0:00:01]} 2. d4 {[%emt 0:00:03]} Nf6 {[%emt 0:
00:00]} 3. Bd3 {[%emt 0:00:15]} e5 {[%emt 0:00:01]} 4. dxe5 {[%emt 0:00:03]}
dxe5 {[%emt 0:00:00]} 5. Nf3 {[%emt 0:00:02]} Nbd7 {[%emt 0:00:02]} 6. O-O {
[%emt 0:00:03]} c6 {[%emt 0:00:00]} 7. Bg5 {[%emt 0:00:04]} Qc7 {[%emt 0:00:01]
} 8. Nbd2 {[%emt 0:00:06]} Be7 {[%emt 0:00:04]} 9. Bc4 {[%emt 0:00:07]} O-O {
[%emt 0:00:01]} 10. Qe2 {[%emt 0:00:04]} b5 {[%emt 0:00:01]} 11. Bb3 {[%emt 0:
00:01]} a6 {[%emt 0:00:01]} 12. c3 {[%emt 0:00:01]} Nc5 {[%emt 0:00:01]} 13.
Bc2 {[%emt 0:00:01]} Ne6 {[%emt 0:00:15]} 14. Bh4 {[%emt 0:00:16]} Nh5 {[%emt
0:00:17]} 15. Bxe7 {[%emt 0:00:05]} Qxe7 {[%emt 0:00:00]} 16. Rad1 {[%emt 0:00:
03]} Nef4 {[%emt 0:00:11]} 17. Qe3 {[%emt 0:00:03]} Qf6 {[%emt 0:00:05]} 18. g3
{[%emt 0:00:01]} Nh3+ {[%emt 0:00:02]} 19. Kh1 {[%emt 0:00:02]} Bg4 {[%emt 0:
00:02]} 20. Rde1 {[%emt 0:00:10]} Rad8 {[%emt 0:00:01]} 21. Nh4 {[%emt 0:00:06]
} g6 {[%emt 0:00:24]} 22. f3 {[%emt 0:00:08]} Bc8 {[%emt 0:00:08]} 23. Nb3 {
[%emt 0:00:15]} Rd6 {[%emt 0:00:05]} 24. Rd1 {[%emt 0:00:06]} Rfd8 {[%emt 0:00:
00]} 25. Rxd6 {[%emt 0:00:01]} Rxd6 {[%emt 0:00:00]} 26. Rd1 {[%emt 0:00:01]}
Qd8 {[%emt 0:00:29]} 27. Rxd6 {[%emt 0:00:06]} Qxd6 {[%emt 0:00:00]} 28. Qd2 {
[%emt 0:00:04]} Qe7 {[%emt 0:00:13]} 29. Na5 {[%emt 0:00:13]} Bd7 {[%emt 0:00:
09]} 30. Nb7 {[%emt 0:00:10]} Be6 {[%emt 0:00:28]} 31. Qd8+ {[%emt 0:00:16]}
Qxd8 {[%emt 0:00:01]} 32. Nxd8 {[%emt 0:00:02]} Bd7 {[%emt 0:00:01]} 33. Nb7 {
[%emt 0:00:04]} Kf8 {[%emt 0:00:03]} 34. b3 {[%emt 0:00:16]} Ke7 {[%emt 0:00:
01]} 35. Nc5 {[%emt 0:00:03]} Bc8 {[%emt 0:00:01]} 36. Nd3 {[%emt 0:00:01]} Kd6
{[%emt 0:00:01]} 37. g4 {[%emt 0:00:03]} N5f4 {[%emt 0:00:01]} 38. Nxf4 {[%emt
0:00:03]} Nxf4 {[%emt 0:00:00]} 39. Bd1 {[%emt 0:00:09]} a5 {[%emt 0:00:04]}
40. Kg1 {[%emt 0:00:02]} Kc5 {[%emt 0:00:01]} 41. Kf2 {[%emt 0:00:03]} b4 {
[%emt 0:00:01]} 42. c4 {[%emt 0:00:04]} Kd4 {[%emt 0:00:01]} 43. Ng2 {[%emt 0:
00:18]} Nxg2 {[%emt 0:00:10]} 44. Kxg2 {[%emt 0:00:01]} g5 {[%emt 0:00:00]} 45.
h3 {[%emt 0:00:08]} Kc3 {[%emt 0:00:01]} 46. Kf2 {[%emt 0:00:02]} Kb2 {[%emt 0:
00:07]} 47. Ke3 {[%emt 0:00:04]} Kxa2 {[%emt 0:00:06]} 48. Kd3 {[%emt 0:00:01]}
Kb2 {[%emt 0:00:04]} 49. Bc2 {[%emt 0:00:03]} c5 {[%emt 0:00:03]} 50. Bd1 {
[%emt 0:00:01]} Bd7 {[%emt 0:00:02]} 51. Bc2 {[%emt 0:00:01]} a4 {[%emt 0:00:
06]} 52. bxa4 {[%emt 0:00:04]} b3 {[%emt 0:00:00]} 53. Bd1 {[%emt 0:00:01]}
Bxa4 {[%emt 0:00:01]} 54. Be2 {[%emt 0:00:05]} Kc1 {[%emt 0:00:01]} 55. Kc3 {
[%emt 0:00:01]} b2 {[%emt 0:00:01]} 56. Bd3 {[%emt 0:00:00]} Bd1 {[%emt 0:00:
01] Pfleger gibt auf} 0-1